WWE SummerSlam 2014 Match Card - Statistics

General Stats
  • This quiz has been taken 21 times
  • The average score is 16 of 18
Answer Stats
Match type Wrestler % Correct
Singles Brock Lesnar
100%
Flag Jack Swagger
100%
Singles John Cena
100%
Singles Randy Orton
100%
Singles Roman Reigns
100%
Flag Rusev
100%
Singles Bray Wyatt
94%
Lumberjack Dean Ambrose
94%
Lumberjack Seth Rollins
94%
Singles The Miz
94%
Singles AJ Lee
88%
Singles Brie Bella
88%
Singles Dolph Ziggler
88%
Singles Paige
88%
Singles Stephanie McMahon
82%
Singles Cesaro
76%
Singles Chris Jericho
76%
Singles Rob Van Dam
59%
No matching quizzes found
Score Distribution
Percent of People with Each Score
Percentile by Number Answered
Your Score History
You have not taken this quiz